Welcome to CU Library Online Public Access Catalogue (OPAC)

WILLIAM WORDSWORTH; (Record no. 7614)

MARC details
000 -LEADER
fixed length control field 00392nam a22001457a 4500
005 - DATE AND TIME OF LATEST TRANSACTION
control field 20250920094057.0
008 - FIXED-LENGTH DATA ELEMENTS--GENERAL INFORMATION
fixed length control field 250920b |||||||| |||| 00| 0 eng d
050 ## - LIBRARY OF CONGRESS CALL NUMBER
Classification number PR5881
Item number MUK
100 ## - MAIN ENTRY--PERSONAL NAME
Personal name MUKHERJEE S. K.
245 ## - TITLE STATEMENT
Title WILLIAM WORDSWORTH;
Remainder of title AN EVALUATION OF HIS POETRY
250 ## - EDITION STATEMENT
Edition statement 12TH
260 ## - PUBLICATION, DISTRIBUTION, ETC.
Place of publication, distribution, etc. NEW DELHI
Name of publisher, distributor, etc. RAMA BRPTHERS INDIA PVT, LTD
Date of publication, distribution, etc. c2006
300 ## - PHYSICAL DESCRIPTION
Extent 366p
942 ## - ADDED ENTRY ELEMENTS (KOHA)
Source of classification or shelving scheme Library of Congress Classification
Koha item type Books
Suppress in OPAC No
999 ## -
-- 7614
-- 7614
Holdings
Withdrawn status Lost status Source of classification or shelving scheme Damaged status Not for loan Collection Home library Current library Shelving location Date acquired Total checkouts Full call number Barcode Date last seen Copy number Price effective from Koha item type
    Library of Congress Classification     Non-fiction Business Library (Miotso) Business Library (Miotso) General stacks 03/27/2026   PR5881 MUK BSSM00003938 04/30/2026 1 03/27/2026 Books
    Library of Congress Classification     Non-fiction Business Library (Miotso) Business Library (Miotso) General stacks 03/27/2026   PR5881 MUK BSSM00003939 04/30/2026 2 03/27/2026 Books
    Library of Congress Classification     Fiction Undergraduate Library (Christ Temple) Undergraduate Library (Christ Temple) General stacks 09/20/2025   PR5881 MUK ulct00004876 09/20/2025 1 09/20/2025 Books
© 2023-2024 Copyright: Central University Libraries. All Rights Reserved | Created by: Mahone Tech Office